[Event "Como Primavera op 9th"]
[Site "Como"]
[Date "2014.03.27"]
[Round "4"]
[White "Buonocore, Elio"]
[Black "Moioli, Ferruccio"]
[Result "1-0"]
[WhiteElo "2177"]
[BlackElo "1677"]
[PlyCount "65"]
[EventDate "2014.03.06"]
[EventType "swiss"]
[EventRounds "7"]
[EventCountry "ITA"]
[SourceTitle "EXT 2015"]
[Source "ChessBase"]
[SourceDate "2014.11.20"]
[SourceVersion "1"]
[SourceVersionDate "2014.11.20"]
[SourceQuality "1"]

1. e4 e5 2. Nf3 d6 3. d4 exd4 4. Nxd4 g6 5. Be3 Bg7 6. c4 Bd7 7. Nc3 Nc6 8. f3 a6 9. Be2 Nge7 10. Qd2 0-0 11. h4 f5 12. h5 f4 13. Nxc6 fxe3 14. Nxe7+ Qxe7 15. Qxe3 Bxc3+ 16. Qxc3 Qg5 17. hxg6 Qg3+ 18. Kd2 Qxg6 19. Qe3 Qf6 20. Kc2 Rab8 21. Rad1 Be6 22. Rh5 Rf7 23. Qg5+ Qg7 24. Rdh1 Qxg5 25. Rxg5+ Rg7 26. Rxg7+ Kxg7 27. Kc3 b5 28. b3 b4+ 29. Kd4 a5 30. c5 h6 31. Bc4 Bd7 32. cxd6 cxd6 33. Rh5 1-0

[Event "Como Province-ch"]
[Site "Villa Guardia"]
[Date "2013.01.26"]
[Round "5"]
[White "Moioli, Ferruccio"]
[Black "Buonocore, Elio"]
[Result "0-1"]
[WhiteElo "1648"]
[BlackElo "2189"]
[PlyCount "64"]
[EventDate "2013.01.19"]
[EventType "swiss"]
[EventRounds "6"]
[EventCountry "ITA"]
[SourceTitle "EXT 2014"]
[Source "ChessBase"]
[SourceDate "2013.11.20"]
[SourceVersion "1"]
[SourceVersionDate "2013.11.20"]
[SourceQuality "1"]

1. d4 f5 2. Nf3 Nf6 3. Bf4 e6 4. e3 Be7 5. c4 d6 6. Nc3 0-0 7. h3 a6 8. Be2 Qe8 9. 0-0 Nc6 10. a3 Bd8 11. Re1 e5 12. dxe5 dxe5 13. Bh2 e4 14. Nd4 Ne5 15. c5 g5 16. b4 Ng6 17. f3 exf3 18. Bxf3 g4 19. hxg4 fxg4 20. Bd5+ Kh8 21. Bf4 c6 22. Ba2 Nxf4 23. exf4 Qh5 24. Ne6 Bxe6 25. Rxe6 Qh4 26. Qe1 g3 27. Ne2 Nh5 28. Rh6 Qh2+ 29. Kf1 Qh1+ 30. Ng1 Rxf4+ 31. Ke2 Re4+ 32. Kd2 Bg5+ 0-1

[Event "Como Province-ch"]
[Site "Villa Guardia"]
[Date "2013.01.20"]
[Round "4"]
[White "Carbone, Lorenzo"]
[Black "Moioli, Ferruccio"]
[Result "0-1"]
[WhiteElo "1725"]
[BlackElo "1648"]
[PlyCount "44"]
[EventDate "2013.01.19"]
[EventType "swiss"]
[EventRounds "6"]
[EventCountry "ITA"]
[SourceTitle "EXT 2014"]
[Source "ChessBase"]
[SourceDate "2013.11.20"]
[SourceVersion "1"]
[SourceVersionDate "2013.11.20"]
[SourceQuality "1"]

1. e4 d6 2. d4 g6 3. Be3 Bg7 4. Nf3 c5 5. c3 Qb6 6. b3 Bg4 7. Be2 Nc6 8. d5 Bxf3 9. gxf3 Ne5 10. Qd2 Qc7 11. Na3 a6 12. Nc2 b5 13. a4 bxa4 14. Rxa4 Nf6 15. 0-0 0-0 16. Rfa1 Qb7 17. b4 Rfc8 18. Bxa6 Rxa6 19. Rxa6 Nxf3+ 20. Kh1 Nxd2 21. Bxd2 Nxe4 22. Be1 Qxd5 0-1

[Event "Villa Guardia Coppa d'Oro 27th"]
[Site "Villa Guardia"]
[Date "2009.11.21"]
[Round "8"]
[White "Raineri, Roberto"]
[Black "Moioli, Ferruccio"]
[Result "1/2-1/2"]
[WhiteElo "1677"]
[BlackElo "1599"]
[PlyCount "53"]
[EventDate "2009.10.09"]
[EventType "swiss"]
[EventRounds "8"]
[EventCountry "ITA"]
[SourceTitle "EXT 2024"]
[Source "ChessBase"]
[SourceDate "2023.10.10"]
[SourceVersion "1"]
[SourceVersionDate "2023.10.10"]
[SourceQuality "1"]

1. e4 g6 2. d4 d6 3. Bc4 c6 4. Ne2 Nf6 5. Nbc3 Bg7 6. Bf4 Nbd7 7. Bb3 0-0 8. Qd2 b5 9. f3 Bb7 10. Bh6 e5 11. Bxg7 Kxg7 12. 0-0-0 a5 13. a4 b4 14. Nb1 Ba6 15. Ng3 c5 16. Qg5 exd4 17. Nf5+ Kh8 18. Nxd6 Qe7 19. Nc4 Kg7 20. Nbd2 h6 21. Qf4 Nh5 22. Qg4 Ndf6 23. Qh4 g5 24. Qf2 Nd7 25. h4 Ne5 26. hxg5 Qxg5 27. Qh4 1/2-1/2

[Event "Villa Guardia Coppa d'Oro 27th"]
[Site "Villa Guardia"]
[Date "2009.10.17"]
[Round "3"]
[White "Moioli, Ferruccio"]
[Black "Zuccoli, Maurizio"]
[Result "0-1"]
[WhiteElo "1599"]
[BlackElo "1856"]
[PlyCount "80"]
[EventDate "2009.10.09"]
[EventType "swiss"]
[EventRounds "8"]
[EventCountry "ITA"]
[SourceTitle "EXT 2024"]
[Source "ChessBase"]
[SourceDate "2023.10.10"]
[SourceVersion "1"]
[SourceVersionDate "2023.10.10"]
[SourceQuality "1"]

1. e4 c5 2. c3 d5 3. exd5 Qxd5 4. Qf3 Nf6 5. Qxd5 Nxd5 6. Bc4 Nf4 7. g3 Ng6 8. Nf3 e6 9. 0-0 a6 10. d4 b5 11. Bd3 Bb7 12. Nbd2 cxd4 13. Nxd4 Nd7 14. b4 Rc8 15. Bb2 Nb6 16. Bc2 Be7 17. a4 bxa4 18. Bxa4+ Nxa4 19. Rxa4 Ne5 20. b5 axb5 21. Ra5 Nc4 22. Nxc4 bxc4 23. Ra7 Be4 24. Nb5 Bc5 25. Ra6 0-0 26. Nd6 Bxd6 27. Rxd6 Rb8 28. Ba3 Rfd8 29. Rfd1 Rxd6 30. Bxd6 Rd8 31. Rd4 f5 32. Kf1 Bd3+ 33. Kg2 g5 34. Kf3 Ra8 35. Be5 Ra2 36. Rd6 Be4+ 37. Ke3 Bd5 38. Rd7 Ra1 39. Rg7+ Kf8 40. Rxh7 Re1+ 0-1

[Event "Villa Guardia Coppa d'Oro 27th"]
[Site "Villa Guardia"]
[Date "2009.10.10"]
[Round "2"]
[White "Moioli, Ferruccio"]
[Black "Lotti, Riccardo"]
[Result "1-0"]
[WhiteElo "1599"]
[BlackElo "1356"]
[PlyCount "57"]
[EventDate "2009.10.09"]
[EventType "swiss"]
[EventRounds "8"]
[EventCountry "ITA"]
[SourceTitle "EXT 2024"]
[Source "ChessBase"]
[SourceDate "2023.10.10"]
[SourceVersion "1"]
[SourceVersionDate "2023.10.10"]
[SourceQuality "1"]

1. d4 Nf6 2. Nf3 g6 3. Bg5 Bg7 4. c4 c5 5. e3 Nc6 6. Nc3 cxd4 7. exd4 d5 8. Bxf6 Bxf6 9. cxd5 Nb8 10. Bc4 Nd7 11. 0-0 0-0 12. Re1 Nb6 13. Bb3 Re8 14. Ne5 e6 15. dxe6 Bxe6 16. d5 Bf5 17. f4 Qd6 18. Qd4 Bd7 19. Ne4 Bxe5 20. fxe5 Qe7 21. Nf6+ Kf8 22. Nxe8 Qxe8 23. Rf1 Bb5 24. Rf2 Ba4 25. e6 Bxb3 26. Rxf7+ Qxf7 27. exf7 Bxd5 28. Rf1 Rc8 29. Qb4+ 1-0

[Event "Villa Guardia Coppa d'Oro 27th"]
[Site "Villa Guardia"]
[Date "2009.10.09"]
[Round "1"]
[White "Larghi, Riccardo"]
[Black "Moioli, Ferruccio"]
[Result "1-0"]
[WhiteElo "1864"]
[BlackElo "1599"]
[PlyCount "106"]
[EventDate "2009.10.09"]
[EventType "swiss"]
[EventRounds "8"]
[EventCountry "ITA"]
[SourceTitle "EXT 2024"]
[Source "ChessBase"]
[SourceDate "2023.10.10"]
[SourceVersion "1"]
[SourceVersionDate "2023.10.10"]
[SourceQuality "1"]

1. Nf3 g6 2. d4 Bg7 3. e3 Nf6 4. Bd3 b6 5. Nbd2 Bb7 6. b3 Nd5 7. c4 Nb4 8. Bb1 d5 9. a3 N4c6 10. Bb2 e6 11. h4 h6 12. cxd5 exd5 13. h5 Ne7 14. Ne5 Bxe5 15. dxe5 Nbc6 16. e6 d4 17. exf7+ Kxf7 18. hxg6+ Nxg6 19. Bxg6+ Kxg6 20. Qh5+ Kg7 21. Rh3 Qe8 22. Rg3+ Kf8 23. Qg4 Qe7 24. Rf3+ Ke8 25. Qh5+ Kd8 26. Rf7 Qe6 27. Qh4+ Kc8 28. Rf6 Qe7 29. Bxd4 Nxd4 30. Qxd4 Qg7 31. Rc1 Rh7 32. Qf4 Kb8 33. Rf8+ Bc8 34. Nc4 Qxg2 35. Rxc8+ Kxc8 36. Qf5+ Kb7 37. Qxh7 Qg1+ 38. Kd2 Qxf2+ 39. Kc3 Rd8 40. Qe4+ Kb8 41. Rc2 Qf6+ 42. Qe5 Qg6 43. Kb2 Re8 44. Qf4 Re7 45. a4 Qg7+ 46. Ka3 Qa1+ 47. Kb4 a5+ 48. Kb5 Qb1 49. Ka6 Re8 50. Qf7 Rc8 51. Qd5 c6 52. Qd7 Rc7 53. Qd8+ Rc8 1-0

[Event "Ceriano Laghetto op"]
[Site "Ceriano Laghetto"]
[Date "2009.03.10"]
[Round "6"]
[White "Moioli, Ferruccio"]
[Black "Fusi, Claudio"]
[Result "1-0"]
[WhiteElo "1584"]
[BlackElo "1586"]
[PlyCount "32"]
[EventDate "2009.02.03"]
[EventType "swiss"]
[EventRounds "6"]
[EventCountry "ITA"]
[SourceTitle "EXT 2011"]
[Source "ChessBase"]
[SourceDate "2010.11.26"]
[SourceVersion "1"]
[SourceVersionDate "2010.11.26"]
[SourceQuality "1"]

1. d4 f5 2. c4 g6 3. Bf4 Nf6 4. Nf3 Bg7 5. Nc3 0-0 6. e3 d5 7. Nb5 Na6 8. Be2 c6 9. Nc3 Nh5 10. Be5 Nf6 11. 0-0 Nb8 12. Qb3 e6 13. Nh4 Nbd7 14. Bg3 Ne4 15. Rab1 Nxg3 16. fxg3 Nf6 1-0

[Event "Villa Guardia D Oro Cup 26th"]
[Site "Villa Guardia"]
[Date "2008.11.11"]
[Round "6"]
[White "Cardani, Roberto"]
[Black "Moioli, Ferruccio"]
[Result "1-0"]
[WhiteElo "1900"]
[BlackElo "1545"]
[PlyCount "101"]
[EventDate "2008.10.10"]
[EventType "swiss"]
[EventRounds "7"]
[EventCountry "ITA"]
[SourceTitle "EXT 2011"]
[Source "ChessBase"]
[SourceDate "2010.11.26"]
[SourceVersion "1"]
[SourceVersionDate "2010.11.26"]
[SourceQuality "1"]

1. e4 e5 2. Nf3 Nc6 3. Bb5 d6 4. d4 exd4 5. Qxd4 Bd7 6. Bxc6 Bxc6 7. Nc3 Nf6 8. Bg5 Be7 9. 0-0-0 Qd7 10. Rhe1 h6 11. e5 hxg5 12. exf6 gxf6 13. Rxe7+ Kxe7 14. Re1+ Kf8 15. Qxf6 Rg8 16. Qh6+ Rg7 17. Nxg5 Kg8 18. Nce4 Bxe4 19. Nxe4 Rg6 20. Qxg6+ fxg6 21. Nf6+ Kf7 22. Nxd7 Rd8 23. Ne5+ dxe5 24. Rxe5 b6 25. h4 Kf6 26. Re3 Rd4 27. g3 Kf5 28. Rd3 Rc4 29. b3 Rc6 30. Kd2 Kg4 31. Rd4+ Kf3 32. Rf4+ Kg2 33. c4 Rd6+ 34. Ke3 a5 35. g4 Kh3 36. g5 Re6+ 37. Re4 Rd6 38. Rf4 Re6+ 39. Kf3 Rd6 40. Rf6 Kxh4 41. Rxd6 cxd6 42. Kf4 Kh5 43. Ke4 Kxg5 44. Kd5 Kf4 45. Kxd6 g5 46. Kc6 g4 47. Kxb6 Kf3 48. c5 Kxf2 49. c6 g3 50. c7 g2 51. c8Q 1-0

[Event "Ceriano Laghetto op"]
[Site "Ceriano Laghetto"]
[Date "2008.03.11"]
[Round "6"]
[White "Moioli, Ferruccio"]
[Black "Guzzetti, Luigi Enrico"]
[Result "0-1"]
[WhiteElo "1566"]
[BlackElo "1933"]
[PlyCount "68"]
[EventDate "2008.02.05"]
[EventType "swiss"]
[EventRounds "6"]
[EventCountry "ITA"]
[SourceTitle "EXT 2010"]
[Source "ChessBase"]
[SourceDate "2010.11.25"]
[SourceVersion "1"]
[SourceVersionDate "2010.11.25"]
[SourceQuality "1"]

1. d4 Nf6 2. Nc3 g6 3. e4 d6 4. Bg5 Bg7 5. Bc4 c6 6. Nf3 b5 7. Bb3 0-0 8. h3 b4 9. Bxf6 Bxf6 10. Ne2 Qc7 11. 0-0 Nd7 12. Rc1 c5 13. c4 a5 14. Nf4 Nb6 15. Nd5 Nxd5 16. cxd5 Bd7 17. a4 Rac8 18. Bc4 cxd4 19. Nxd4 Qb6 20. Nb5 Bxb2 21. Rc2 Bg7 22. Qd3 f5 23. Re2 Be5 24. Kh1 fxe4 25. Qb3 Qc5 26. Rxe4 Rxf2 27. Rxf2 Qxf2 28. Rxe5 dxe5 29. d6+ Kf8 30. Qd3 Qc5 31. Qf3+ Bf5 32. Be6 e4 33. Qb3 Qc1+ 34. Kh2 Qf4+ 0-1

[Event "Ceriano Laghetto op"]
[Site "Ceriano Laghetto"]
[Date "2008.02.26"]
[Round "4"]
[White "Fock, Giustino"]
[Black "Moioli, Ferruccio"]
[Result "0-1"]
[WhiteElo "1371"]
[BlackElo "1566"]
[PlyCount "88"]
[EventDate "2008.02.05"]
[EventType "swiss"]
[EventRounds "6"]
[EventCountry "ITA"]
[SourceTitle "EXT 2010"]
[Source "ChessBase"]
[SourceDate "2010.11.25"]
[SourceVersion "1"]
[SourceVersionDate "2010.11.25"]
[SourceQuality "1"]

1. d4 g6 2. c4 Bg7 3. e4 d6 4. Nc3 Nf6 5. Nf3 b6 6. d5 c6 7. Be2 cxd5 8. cxd5 0-0 9. 0-0 Nbd7 10. Qc2 Nc5 11. Rb1 a5 12. a4 Bd7 13. Bd2 Rc8 14. Rfe1 Ncxe4 15. Qd1 Nxd2 16. Qxd2 Rc5 17. Bf1 Re8 18. h3 e6 19. dxe6 Bxe6 20. Bb5 Rf8 21. Rbd1 d5 22. Ne5 Qa8 23. g4 Ne4 24. Nxe4 dxe4 25. Nd7 Bxd7 26. Qxd7 Re5 27. Bc6 Qb8 28. Rxe4 Rxe4 29. Bxe4 Qe5 30. Bd5 Qxb2 31. Bxf7+ Rxf7 32. Qd8+ Bf8 33. Rd2 Qa1+ 34. Rd1 Qxa4 35. Rd4 Qa1+ 36. Rd1 Qf6 37. Qxf6 Rxf6 38. Rd8 h5 39. gxh5 gxh5 40. Rd5 Bc5 41. Rd2 a4 42. Kf1 Rxf2+ 43. Ke1 Rxd2 44. Kxd2 a3 0-1

[Event "Ceriano Laghetto op"]
[Site "Ceriano Laghetto"]
[Date "2008.02.19"]
[Round "3"]
[White "Moioli, Ferruccio"]
[Black "Pellegrini, Fabio"]
[Result "0-1"]
[WhiteElo "1566"]
[BlackElo "1428"]
[PlyCount "102"]
[EventDate "2008.02.05"]
[EventType "swiss"]
[EventRounds "6"]
[EventCountry "ITA"]
[SourceTitle "EXT 2010"]
[Source "ChessBase"]
[SourceDate "2010.11.25"]
[SourceVersion "1"]
[SourceVersionDate "2010.11.25"]
[SourceQuality "1"]

1. d4 d5 2. Nc3 g6 3. e4 dxe4 4. Nxe4 Bg7 5. c3 Nf6 6. Nxf6+ Bxf6 7. Bh6 Nc6 8. Bb5 Bd7 9. Nf3 e6 10. Qe2 Ne7 11. Ne5 c6 12. Bd3 Qc7 13. g3 Bxe5 14. dxe5 0-0-0 15. Bg5 Rde8 16. 0-0-0 Nd5 17. Bc4 h6 18. Bxd5 exd5 19. Bf6 Rhg8 20. Qe3 Qa5 21. a3 h5 22. Qd4 Be6 23. Qb4 Qxb4 24. axb4 b5 25. Kd2 Kb7 26. Ra1 a6 27. Ke3 Ra8 28. Rhd1 Rge8 29. Rd4 Kb6 30. Ra5 c5 31. Rd3 cxb4 32. cxb4 Rec8 33. Rc3 Rc4 34. Rxc4 dxc4 35. Ra1 Rc8 36. Rc1 a5 37. bxa5+ Kxa5 38. Kd4 b4 39. Be7 Kb5 40. Bd6 Rc6 41. f4 Ra6 42. h3 Ra2 43. g4 Rxb2 44. f5 gxf5 45. gxf5 Bxf5 46. Rf1 Be6 47. Ra1 c3 48. Bc7 Ba2 49. Rf1 c2 50. Rf5 c1Q 51. e6+ Kc6 0-1

[Event "CO Province-ch"]
[Site "Mariano Comense"]
[Date "2008.01.27"]
[Round "5"]
[White "Gonella, Daniele"]
[Black "Moioli, Ferruccio"]
[Result "0-1"]
[WhiteElo "1473"]
[BlackElo "1566"]
[PlyCount "86"]
[EventDate "2008.01.19"]
[EventType "swiss"]
[EventRounds "6"]
[EventCountry "ITA"]
[SourceTitle "EXT 2009"]
[Source "ChessBase"]
[SourceDate "2008.11.26"]
[SourceVersion "1"]
[SourceVersionDate "2008.11.26"]
[SourceQuality "1"]

1. e4 e5 2. Bc4 Nc6 3. Nf3 h6 4. c3 Na5 5. Nxe5 Nxc4 6. Nxc4 b6 7. d4 d6 8. Nba3 Be7 9. Qd3 Nf6 10. f3 a5 11. Be3 Ba6 12. Bf2 Nh5 13. Qd2 d5 14. exd5 Qxd5 15. Ne3 Qd7 16. g3 Nf6 17. Nac2 Rd8 18. b3 Qc6 19. Qd1 Qxc3+ 20. Qd2 Bb4 21. Rd1 Rxd4 22. Nxd4 Qxd4 23. Nc4 Bxd2+ 24. Rxd2 Qc3 25. Bd4 Qc1+ 26. Rd1 Qg5 27. 0-0 0-0 28. f4 Qb5 29. Rd2 a4 30. Rb1 axb3 31. axb3 Qb4 32. Rc2 Re8 33. Ne5 Qxd4+ 34. Rf2 Ne4 35. Rbb2 Nxf2 36. Rxf2 Qd1+ 37. Kg2 f6 38. Ng4 Qxg4 39. h3 Bb7+ 40. Kh2 Qd1 41. g4 Qe1 42. Rc2 Re3 43. Ra2 Qh1# 0-1

[Event "Villa Guardia D Oro Cup 25th"]
[Site "Villa Guardia"]
[Date "2007.11.23"]
[Round "7"]
[White "Moioli, Ferruccio"]
[Black "Boffi, Luigi"]
[Result "1/2-1/2"]
[WhiteElo "1521"]
[BlackElo "1557"]
[PlyCount "58"]
[EventDate "2007.10.05"]
[EventType "swiss"]
[EventRounds "7"]
[EventCountry "ITA"]
[SourceTitle "EXT 2010"]
[Source "ChessBase"]
[SourceDate "2010.11.25"]
[SourceVersion "1"]
[SourceVersionDate "2010.11.25"]
[SourceQuality "1"]

1. d4 d5 2. Nc3 Nf6 3. Bf4 c6 4. e3 Bg4 5. Be2 Bxe2 6. Ngxe2 e6 7. a3 Be7 8. Ng3 0-0 9. 0-0 Nbd7 10. e4 dxe4 11. Ncxe4 Nd5 12. Be5 Bf6 13. f4 Ne3 14. Qe2 Nxf1 15. Rxf1 Bxe5 16. fxe5 Qb6 17. c3 c5 18. Qg4 cxd4 19. Nh5 dxc3+ 20. Kh1 g6 21. bxc3 Qb5 22. Kg1 Qxe5 23. Nhf6+ Nxf6 24. Nxf6+ Kg7 25. Qh4 Qe3+ 26. Kh1 h5 27. Ne4 Qd3 28. Qf6+ Kg8 29. Ng5 Qd8 1/2-1/2

[Event "Villa Guardia D Oro Cup 25th"]
[Site "Villa Guardia"]
[Date "2007.11.09"]
[Round "5"]
[White "Moioli, Ferruccio"]
[Black "Grassetto, Gilberto"]
[Result "0-1"]
[WhiteElo "1521"]
[BlackElo "1923"]
[PlyCount "120"]
[EventDate "2007.10.05"]
[EventType "swiss"]
[EventRounds "7"]
[EventCountry "ITA"]
[SourceTitle "EXT 2010"]
[Source "ChessBase"]
[SourceDate "2010.11.25"]
[SourceVersion "1"]
[SourceVersionDate "2010.11.25"]
[SourceQuality "1"]

1. d4 d5 2. Nc3 Nf6 3. Bf4 a6 4. e3 e6 5. Bd3 Nbd7 6. Nge2 c5 7. dxc5 Bxc5 8. Ng3 b5 9. 0-0 Bb7 10. e4 e5 11. Bg5 h6 12. Bxf6 Nxf6 13. Qf3 d4 14. Nce2 0-0 15. Nh5 Nxh5 16. Qxh5 Qg5 17. Qxg5 hxg5 18. Ng3 g6 19. f3 Kg7 20. Nh1 b4 21. Nf2 a5 22. Bc4 Ba6 23. Bxa6 Rxa6 24. Nd3 Bd6 25. Rac1 f5 26. g3 Raa8 27. c4 bxc3 28. bxc3 dxc3 29. Rxc3 Rfc8 30. Rfc1 Rxc3 31. Rxc3 Kf6 32. a4 Ke6 33. Rb3 Rc8 34. Rb5 Rc3 35. Rd5 fxe4 36. fxe4 Rc4 37. Rxa5 Rxe4 38. Ra8 Rd4 39. Nb2 e4 40. Ra6 Rb4 41. Ra5 Rxb2 42. Rxg5 Ra2 43. Rxg6+ Kd5 44. Rg5+ Be5 45. h4 Rxa4 46. h5 Kd4 47. h6 Ra6 48. Rh5 Rg6 49. h7 Bh8 50. Kf2 e3+ 51. Kf3 Rf6+ 52. Ke2 Rf2+ 53. Kd1 Ke4 54. Rc5 Kf3 55. Ke1 Ra2 56. Rf5+ Kxg3 57. Rc5 Rh2 58. Rc7 Be5 59. Re7 Kf4 60. Rb7 Bc3+ 0-1